| 000 -LEADER |
| fixed length control field |
01078nam a22002897a 4500 |
| 008 - FIXED-LENGTH DATA ELEMENTS--GENERAL INFORMATION |
| fixed length control field |
131121b xxu||||| |||| 00| 0 eng d |
| 020 ## - INTERNATIONAL STANDARD BOOK NUMBER |
| International Standard Book Number |
905095555X (Belgium) |
| 020 ## - INTERNATIONAL STANDARD BOOK NUMBER |
| International Standard Book Number |
3830511752 (Germany) |
| 020 ## - INTERNATIONAL STANDARD BOOK NUMBER |
| International Standard Book Number |
370830357I (Austria) |
| 041 0# - LANGUAGE CODE |
| Language code of text/sound track or separate title |
eng |
| 080 ## - UNIVERSAL DECIMAL CLASSIFICATION NUMBER |
| Universal Decimal Classification number |
342 |
| Common auxiliary subdivision |
(4) |
| 100 ## - Rafti |
| Rafti |
Gruber, Gunther ; Gruber, Thomas ; Mille, Annemarie ; |
| 245 10 - TITLE STATEMENT |
| Title |
Public procurement in the European Union : |
| Statement of responsibility, etc |
by Gunther Gruber ... |
| 260 ## - |
| -- |
Wien : |
| -- |
Neuer Wissenschaftlicher Verlag ; |
| -- |
2006 |
| 300 ## - |
| -- |
574 f. ; |
| -- |
23 cm. |
| 500 ## - |
| -- |
Foreword : f. 3 - 4 |
| 505 ## - |
| -- |
Index : f. 573 - 574 |
| 650 #0 - |
| -- |
Qeveria |
| -- |
Ligji dhe legjislacioni |
| -- |
Vendet e Bashkimit Evropian |
| 650 #0 - |
| -- |
Kontratat publike |
| -- |
Vendet e Bashkimit Evropian |
| 650 #0 - |
| -- |
Dhënia me qira e kontratave |
| -- |
Vendet e Bashkimit Evropian |
| 650 #0 - |
| -- |
Kufizimi i tregtisë |
| -- |
Vendet e Bashkimit Evropian |
| 700 ## - |
| -- |
Gruber, Gunther Dr. ; |
| 700 ## - |
| -- |
Gruber, Thomas ; |
| 700 ## - |
| -- |
Mille, Annemarie Dr. ; |
| 700 ## - |
| -- |
Sachs, Michael ; |
| 942 ## - ADDED ENTRY ELEMENTS (KOHA) |
| Source of classification or shelving scheme |
|
| Item type |
Books |